WWE Tag Teams & Stables - Statistiken

Allgemein
  • Dieses Quiz wurde 308 mal gespielt
  • Das Durchschnittsergebnis liegt bei 17 aus 25
Antwortstatistiken
Hint Antwort % Korrekt
Dean Ambrose, Roman Reigns & Seth Rollins The Shield
95%
Jeff Hardy & Matt Hardy Hardy Boyz
93%
Big E, Kofi Kingston & Xavier Woods The New Day
93%
Triple H & Shawn Michaels D-Generation X
90%
Bray Wyatt, Erick Rowan & Luke Harper The Wyatt Family
87%
Gunther, Ludwig Kaiser & Giovanni Vinci Imperium
83%
Roman Reigns, Jey Uso, Jimmy Uso & Solo Sikoa The Bloodline
80%
Hulk Hogan, Kevin Nash & Scott Hall New World Order
79%
Matt Riddle & Randy Orton RK-Bro
79%
Bubba Ray & D-Von The Dudley Boyz
79%
Triple H, Ric Flair, Batista & Randy Orton Evolution
77%
Johnny Gargano & Tommaso Ciampa #DIY
71%
Edge & Randy Orton Rated RKO
71%
Daniel Bryan & Kane Team Hell No
70%
Cesaro & Sheamus The Bar
65%
Chris Jericho & The Big Show Jeri-Show
62%
R-Truth & The Miz Awesome Truth
61%
Randy Orton, Cody Rhodes & Ted DiBiase Jr. Legacy
48%
Road Dogg & Billy Gunn New Age Outlaws
45%
Bobby Lashley, Cedric Alexander & Shelton Benjamin The Hurt Business
45%
Alex Shelley & Chris Sabin The Motor City Machine Guns
45%
Animal & Hawk The Road Warriors
45%
Eddie Guerrero & Chavo Guerrero Los Guerreros
44%
Damien Priest, Finn Balor, JD McDonagh & Dominik Mysterio The Judgment Day
42%
Scott Dawson & Dash Wilder The Revival
33%
Keine übereinstimmenden Quizze gefunden
Verteilung der Resultate
Anzahl Personen mit jedem Resultat
Perzentil nach korrekt beantworteten Fragen
Ihre Resultats-Entwicklung
Sie haben dieses Quiz noch nicht gespielt